| 000 | 01203nam a2200229 a 4500 | ||
|---|---|---|---|
| 003 | DLC | ||
| 005 | 20251024103219.0 | ||
| 008 | 251024c1968 ne|zr|p|r|||| 00| 0 spa d | ||
| 022 | _a0013-1954 | ||
| 035 | _aUPN01000060200 | ||
| 040 |
_aMX-MxUPN _bspa _cMX-MxUPN _eaacr2 |
||
| 245 | 1 | 0 | _aEducational studies in mathematics |
| 260 |
_aHolanda : _bKluwer Academic, _c1968- |
||
| 310 | _aNueve veces al año | ||
| 520 | 1 | _aEs una publicación revisada por pares que se centra en los aspectos pedagógicos, metodológicos y didácticos de la enseñanza y el aprendizaje de las matemáticas.Presenta ideas profundas y nuevos desarrollos importantes en la investigación en educación matemática en todos los niveles de edad. Está abierta a todos los enfoques de investigación y áreas de interés, incluidos los aspectos cognitivos, socioculturales, sociopolíticos y relacionados con el lenguaje en la educación matemática.Hace hincapié en artículos de alto nivel que trascienden el interés local o nacional. | |
| 650 | 2 |
_aMétodos de enseñanza _95706 |
|
| 653 | 0 | _aEducación matemática | |
| 653 | 0 | _aInstrucción | |
| 902 | _aGloria Jiménez/241025 | ||
| 905 | _aRevista | ||
| 942 | _cREV-I | ||
| 999 |
_c60029 _d60029 |
||